Bridges 1 - Statistics

General Stats
  • This quiz has been taken 12 times
  • The average score is 7 of 15
Answer Stats
Picture Answer % Correct
Tower
100%
Golden Gate
90%
Brooklyn
70%
Jeff
60%
Sighs
60%
Charles
50%
Kwai
50%
Millenium
50%
Pont du Gard
50%
Forth
40%
Mostar
40%
Ponte Vecchio
40%
Pont Neuf
20%
Orwell
0%
Vasco da Gama
0%
No matching quizzes found
Score Distribution
Percent of People with Each Score
Percentile by Number Answered
Your Score History
You have not taken this quiz